Năng lượng địa nhiệt và băng cháy /
.
Uloženo v:
| Hlavní autor: | |
|---|---|
| Médium: | Kniha |
| Jazyk: | Vietnamese |
| Vydáno: |
H. :
Bách khoa Hà Nội ,
2017
|
| Témata: | |
| Tagy: |
Přidat tag
Žádné tagy, Buďte první, kdo otaguje tento záznam!
|
| Thư viện lưu trữ: | Thư viện Trường CĐ Kỹ Thuật Cao Thắng |
|---|
| LEADER | 00941nam a2200241 a 4500 | ||
|---|---|---|---|
| 001 | TVCDKTCT95367 | ||
| 003 | TVCĐKTCT | ||
| 005 | 20171122092944.4 | ||
| 008 | 171122syyyy vn | ||
| 980 | \ | \ | |a Thư viện Trường CĐ Kỹ Thuật Cao Thắng |
| 024 | |a RG_1 #1 eb0 i1 | ||
| 041 | 0 | # | |a vie |
| 082 | # | # | |a 333.88 |b N116L |
| 100 | 1 | # | |a Ông Sử Liệt |
| 245 | 1 | 0 | |a Năng lượng địa nhiệt và băng cháy / |c Ông Sử Liệt, Lưu Doãn Lương ( biên soạn), Tống Thị Quỳnh Hoa (biên dịch), Đỗ Hữu Nhơn (Hiệu đính) |
| 246 | # | # | |b Tủ sách: Nguồn Năng lương mới đang vẫy gọi |
| 260 | # | # | |a H. : |b Bách khoa Hà Nội , |c 2017 |
| 300 | |a 147 tr. ; |c 24 cm | ||
| 520 | # | # | |a . |
| 541 | # | # | |a Băng cháy |
| 650 | # | 4 | |a Địa nhiệt năng |
| 653 | # | # | |a NGuồn năng lượng |
| 841 | # | # | |b Kho Sách |j 100050460, 100050571 |